000 01660nam0a2200349 4500
001 RU\NLR\bibl\910999
005 20060316114635.0
010 _a5-9282-0262-8
_9150
021 _aRU
_b2005-81257
_94016
035 _a(NLR Aleph) 000899342
090 _a1766875
_c1766875
100 _a20060227d2005 u y0rusy50 ca
101 0 _arus
102 _aRU
105 _aa |||||||||
200 1 _aПереправы
_eучебник для военных кафедр, проводящих подготовку офицеров запаса для инженерных войск
_fЮ.И. Бородулин, А.В. Маркеленко, С.И. Блажко
_gМ-во образования и науки Рос. Федерации, Федер. агентство по образованию, Пенз. гос. ун-т архитектуры и стр-ва
210 _aПенза
_cИзд-во ПГУАС
_d2005
215 _a297 с.
_cил.
_d20
320 _aБиблиогр.: с. 297 (11 назв.)
606 0 _aПереправы (воен.)
_jУчебники
_91256051
_3RU\NLR\auth\66514916
606 0 _aПереправочные средства (воен.)
_jУчебники
_91903447
_3RU\NLR\auth\66866755
686 _aЦ561.25я7
700 1 _aБородулин
_bЮ. И.
_gЮрий Иванович
_4070
701 1 _aМаркеленко
_bА. В.
_gАлександр Васильевич
_4070
701 1 _aБлажко
_bС. И.
_gСергей Иванович
_4070
801 0 _aRU
_bNLR
_c20060227
_grcr
801 1 _aRU
_bNLR
_c20060227
830 _aАвт. по кн.
942 _cBOOK
980 _aNB
980 _aNBR